[Event "2nd SCS Open"]
[Site "Bhubaneswar IND"]
[Date "2010.05.30"]
[Round "11"]
[White "Anwesh,U"]
[Black "Lafuente,P"]
[Result "0-1"]
[WhiteElo "2419"]
[BlackElo "2587"]
[EventDate "2010.05.22"]

1. d4 Nf6 2. c4 e6 3. g3 d5 4. Nf3 Bb4+ 5. Bd2 a5 6. Bg2 Nc6 7. O-O dxc4 8.
e3 Rb8 9. Qe2 b5 10. a4 Ba6 11. Bxb4 axb4 12. Nfd2 Nd5 13. axb5 Bxb5 14.
Nxc4 e5 15. dxe5 Nxe5 16. b3 Bxc4 17. bxc4 Nf6 18. Nd2 O-O 19. Nb3 Qe7 20.
f4 Ned7 21. Nd4 Rb6 22. Nc6 Qe6 23. f5 Qe8 24. Ra8 Nb8 25. c5 Rxc6 26. Rxb8
Qxb8 27. Bxc6 Qa7 28. Qc4 Qa3 29. Qd4 Qa6 30. Bf3 Qb5 31. e4 Nd7 32. Rc1 f6
33. Bd1 Ne5 34. g4 Rb8 35. Qd5+ Kh8 36. Bb3 Qe2 37. Rf1 Nxg4 0-1

[Event "2nd SCS Open"]
[Site "Bhubaneswar IND"]
[Date "2010.05.30"]
[Round "11"]
[White "Konguvel,P"]
[Black "Khusnutdinov,R"]
[Result "0-1"]
[WhiteElo "2412"]
[BlackElo "2525"]
[EventDate "2010.05.22"]

1. e4 c5 2. Nf3 e6 3. d4 cxd4 4. Nxd4 Nc6 5. Nb5 d6 6. c4 Nf6 7. N1c3 a6 8.
Na3 Be7 9. Be2 b6 10. O-O Bb7 11. Bf4 O-O 12. Qd2 Ne5 13. Rfd1 Qc7 14. f3
Rac8 15. Rac1 Qb8 16. Kh1 Kh8 17. Na4 Bc6 18. Qb4 Ng6 19. Be3 d5 20. c5
bxc5 21. Qxb8 Rxb8 22. Nxc5 Rxb2 23. Rc2 Rxc2 24. Nxc2 dxe4 25. Nxa6 exf3
26. Bxf3 Bxf3 27. gxf3 Nd5 28. Rb1 Ne5 29. Kg2 Nc6 30. Bc5 Ra8 31. Bxe7
Rxa6 32. Ba3 h5 33. Kf2 Nd4 34. Nxd4 Rxa3 35. Rb2 Nc3 36. Kg3 Rxa2 37. Rb7
Kg8 38. Nc6 Ne2+ 39. Kh4 Nf4 40. Kg5 Nd5 41. Nd8 f6+ 42. Kxh5 Rxh2+ 43. Kg4
Rg2+ 44. Kh4 Nf4 0-1

[Event "2nd SCS Open"]
[Site "Bhubaneswar IND"]
[Date "2010.05.30"]
[Round "11"]
[White "Iuldachev,S"]
[Black "Praveen Kumar,C1"]
[Result "1-0"]
[WhiteElo "2511"]
[BlackElo "2391"]
[EventDate "2010.05.22"]

1. e4 e6 2. d4 d5 3. Nc3 Bb4 4. e5 b6 5. a3 Bf8 6. b4 c5 7. bxc5 bxc5 8.
Nf3 Ne7 9. dxc5 Nec6 10. Bd3 Nd7 11. Bb5 Bb7 12. O-O a6 13. Ba4 Nxc5 14.
Rb1 Qc7 15. Be3 Be7 16. Bxc5 Bxc5 17. Nxd5 Qc8 18. Ng5 O-O 19. Qh5 h6 20.
Nf6+ 1-0

[Event "2nd SCS Open"]
[Site "Bhubaneswar IND"]
[Date "2010.05.30"]
[Round "11"]
[White "Vaibhav,S"]
[Black "Lalith,B"]
[Result "1-0"]
[WhiteElo "2347"]
[BlackElo "2493"]
[EventDate "2010.05.22"]

1. e4 c6 2. d4 d5 3. Nc3 dxe4 4. Nxe4 Bf5 5. Ng3 Bg6 6. h4 h6 7. Nf3 Nd7 8.
h5 Bh7 9. Bd3 Bxd3 10. Qxd3 e6 11. Bd2 Ngf6 12. O-O-O Be7 13. Qe2 c5 14.
Rhe1 O-O 15. Nf5 cxd4 16. N3xd4 Bc5 17. Nxh6+ gxh6 18. Bxh6 Re8 19. Nb5 Bf8
20. Bxf8 Rxf8 21. Kb1 Qb6 22. Nd6 Qc5 23. g4 Qg5 24. f3 Nb6 25. c4 Rad8 26.
Qh2 Rd7 27. Rc1 Rfd8 28. Re5 Qg7 29. c5 Nbd5 30. Ka1 b6 31. g5 Nxh5 32. g6
fxg6 33. Rxh5 gxh5 34. Rg1 bxc5 35. Ne4 c4 36. a3 Qxg1+ 37. Qxg1+ Rg7 38.
Qd4 c3 39. Nxc3 Rf7 40. Qe5 Kf8 41. Ne4 Rxf3 42. Qxh5 Rf1+ 43. Ka2 Rf5 44.
Qg6 Nf4 45. Qh7 Rf7 46. Qh6+ Ke8 47. Ng5 Re7 48. Nf3 Nd3 49. Qg6+ Kf8 50.
Ng5 1-0

[Event "2nd SCS Open"]
[Site "Bhubaneswar IND"]
[Date "2010.05.30"]
[Round "11"]
[White "Luther,T"]
[Black "Gara,T"]
[Result "1-0"]
[WhiteElo "2541"]
[BlackElo "2357"]
[EventDate "2010.05.22"]

1. e4 e5 2. Nf3 Nf6 3. Nxe5 d6 4. Nf3 Nxe4 5. d4 d5 6. Bd3 Nc6 7. O-O Be7
8. c4 Nb4 9. Be2 O-O 10. Nc3 Bf5 11. a3 Nxc3 12. bxc3 Nc6 13. cxd5 Qxd5 14.
Nd2 Rfe8 15. Nc4 Bg6 16. Ne3 Qd7 17. Bg4 Qd6 18. a4 Rad8 19. a5 Bg5 20. a6
b6 21. Nf5 Bxf5 22. Bxg5 Bxg4 23. Qxg4 f6 24. Bf4 Qd7 25. Qg3 Re7 26. Rfe1
Rde8 27. Rxe7 Nxe7 28. h3 Nd5 29. c4 Nxf4 30. Qxf4 Qd6 31. Qxd6 cxd6 32.
Kf1 Re4 33. Rd1 Kf7 34. Rd3 Ke6 35. f3 Rh4 36. Ke2 Rh5 37. d5+ Kd7 38. f4
Rh4 39. Kf3 g5 40. Rd4 f5 41. g3 g4+ 42. hxg4 Rxg4 43. Rd1 Rg6 44. Rh1 h6
45. Rh5 Rf6 46. Rh2 Rg6 47. Rh5 Rf6 48. g4 fxg4+ 49. Kxg4 Ke7 50. f5 Kf8
51. Rh1 Kf7 52. Re1 Kf8 53. Kf4 Kf7 54. Rb1 Ke7 55. c5 dxc5 56. Ke5 h5 57.
Rg1 Kf7 58. d6 Rh6 59. d7 Rh8 60. f6 Rd8 61. Rg7+ Kf8 62. Ke6 1-0

[Event "2nd SCS Open"]
[Site "Bhubaneswar IND"]
[Date "2010.05.30"]
[Round "11"]
[White "Sundararajan,K"]
[Black "Bitan,B"]
[Result "1/2-1/2"]
[WhiteElo "2520"]
[BlackElo "2311"]
[EventDate "2010.05.22"]

1. d4 Nf6 2. c4 g6 3. Nc3 Bg7 4. e4 d6 5. Bd3 O-O 6. Nge2 Nc6 7. O-O e5 8.
d5 Nd4 9. Nxd4 exd4 10. Ne2 Nd7 11. Bc2 Ne5 12. Nxd4 Nxc4 13. Rb1 Ne5 14.
Bf4 Qf6 15. Qc1 Qd8 16. Bg5 Qe8 17. Rd1 c5 18. dxc6 bxc6 19. Nb3 Qe6 20. f4
Ng4 21. h3 h6 22. Bh4 Nf6 23. Nd4 Qe8 24. Re1 Nh7 25. Nf3 Be6 26. f5 Bxa2
27. Ra1 Bc4 28. e5 dxe5 29. fxg6 fxg6 30. Bxg6 Qxg6 31. Qxc4+ Qf7 32. Qxf7+
Rxf7 33. Nxe5 Rb7 34. Nxc6 Ng5 35. Ne7+ Kh7 36. Nf5 Bxb2 37. Ra6 Rb6 38.
Rxb6 axb6 39. Bxg5 hxg5 40. Re6 Ra5 41. g4 Bc1 42. Rxb6 Bf4 43. Rb7+ Kg6
44. Rb6+ Kf7 45. Rb2 Kf6 46. Kg2 Ra3 47. Rf2 Ke5 48. Re2+ Kf6 49. Rb2 Rc3
50. Ra2 Rb3 51. Rf2 Ke5 52. Re2+ Kf6 53. Re6+ Kxe6 54. Nd4+ Kd5 55. Nxb3
Kc4 56. Na5+ Kb5 57. Nb7 Bc7 58. h4 gxh4 59. Kh3 Kc6 1/2-1/2

[Event "2nd SCS Open"]
[Site "Bhubaneswar IND"]
[Date "2010.05.30"]
[Round "11"]
[White "Palit,S"]
[Black "Ovetchkin,R"]
[Result "1/2-1/2"]
[WhiteElo "2385"]
[BlackElo "2519"]
[EventDate "2010.05.22"]

1. e4 c6 2. d4 d5 3. Nc3 dxe4 4. Nxe4 Bf5 5. Nc5 Nd7 6. Nd3 e6 7. Nf3 Ngf6
8. Be2 Be7 9. O-O O-O 10. b3 c5 11. Bb2 Rc8 12. c4 a6 13. Nde5 cxd4 14.
Nxd4 Be4 15. Nxd7 Qxd7 16. Qc1 b5 17. Qg5 h6 18. Qg3 bxc4 19. Bxc4 Rc5 20.
f3 Bd5 21. Bd3 a5 22. Rad1 Rfc8 23. Kh1 Qb7 24. Rfe1 a4 25. Ba1 axb3 26.
axb3 Qb6 27. Qf2 Bf8 28. Rb1 Ra5 29. Ne2 Be7 30. Ng3 Kf8 1/2-1/2

[Event "2nd SCS Open"]
[Site "Bhubaneswar IND"]
[Date "2010.05.30"]
[Round "11"]
[White "Ramnath,B"]
[Black "Sriram,J"]
[Result "1/2-1/2"]
[WhiteElo "2350"]
[BlackElo "2507"]
[EventDate "2010.05.22"]

1. e4 c5 2. Nf3 Nc6 3. d4 cxd4 4. Nxd4 g6 5. Nc3 Bg7 6. Be3 Nf6 7. Bc4 d6
8. f3 Qb6 9. Nf5 Qxb2 10. Nxg7+ Kf8 11. Nd5 Nxd5 12. Bxd5 Kxg7 13. O-O Qc3
14. Re1 Rd8 15. Rb1 e6 16. Rb3 Qa5 17. Qa1+ f6 18. Bc4 Qc7 19. Bb5 e5 20.
Bxc6 Qxc6 21. Rc3 Qd7 22. f4 b6 23. Rd1 Qe7 24. Qb2 Bg4 25. Rd2 Rac8 26.
Rcd3 Rc4 27. h3 Bc8 28. fxe5 fxe5 29. Qc1 Rxe4 30. Re2 d5 31. Bg5 Qc5+ 32.
Rf2 Re8 33. Bf6+ Kg8 34. Qh6 Qf8 35. Qxf8+ Rxf8 36. Rxd5 Re1+ 37. Kh2 Re8
38. Bg5 e4 39. Bh6 e3 40. Rf6 e2 41. Re5 Rd8 42. Rf2 Ba6 43. Rf6 Rf1 44.
Rfe6 Bc4 45. Re7 a5 46. a3 b5 47. Rg7+ Kh8 48. Ree7 Rf7 49. Rgxf7 Bxf7 50.
Rxe2 1/2-1/2

[Event "2nd SCS Open"]
[Site "Bhubaneswar IND"]
[Date "2010.05.30"]
[Round "11"]
[White "Deepan,C"]
[Black "Akshat,Kh"]
[Result "1-0"]
[WhiteElo "2488"]
[BlackElo "2292"]
[EventDate "2010.05.22"]

1. e4 c5 2. Nf3 d6 3. d4 cxd4 4. Nxd4 Nf6 5. Nc3 g6 6. Be3 Bg7 7. f3 O-O 8.
Qd2 Nc6 9. Bc4 Bd7 10. O-O-O Rb8 11. Bb3 Na5 12. Bh6 Bxh6 13. Qxh6 b5 14.
h4 b4 15. Nd5 e5 16. h5 exd4 17. hxg6 Nxb3+ 18. axb3 fxg6 19. Nxf6+ Rxf6
20. Qxh7+ Kf8 21. Rxd4 Qe8 22. e5 Rf7 23. Qh8+ Ke7 24. Qh4+ Kf8 25. Qh6+
Rg7 26. Rf4+ Bf5 27. g4 dxe5 28. gxf5 exf4 29. f6 Rbb7 30. fxg7+ Rxg7 31.
Qxf4+ Kg8 32. Qxb4 Qe3+ 33. Kb1 Qxf3 34. Qb8+ Kf7 35. Qxa7+ Kg8 36. Qb8+
Kf7 37. Re1 Qc6 38. Rf1+ Ke6 39. Qf8 1-0

[Event "2nd SCS Open"]
[Site "Bhubaneswar IND"]
[Date "2010.05.30"]
[Round "11"]
[White "Nitin,S"]
[Black "Satyapragyan,S"]
[Result "1/2-1/2"]
[WhiteElo "2363"]
[BlackElo "2463"]
[EventDate "2010.05.22"]

1. e4 e6 2. d4 d5 3. Nc3 Bb4 4. Nge2 dxe4 5. a3 Bxc3+ 6. Nxc3 Nc6 7. Bb5
Nge7 8. Bg5 f6 9. Be3 O-O 10. Qd2 f5 11. O-O-O Nd5 12. Nxd5 exd5 13. Bxc6
bxc6 14. Bf4 Be6 15. h4 Qe7 16. Qc3 Rab8 17. Qxc6 Rfc8 18. Rh3 Rb6 19. Qc5
Qxc5 20. dxc5 Rb5 1/2-1/2

[Event "2nd SCS Open"]
[Site "Bhubaneswar IND"]
[Date "2010.05.30"]
[Round "11"]
[White "Rajesh,VA"]
[Black "Murali Krishnan,B"]
[Result "1-0"]
[WhiteElo "2302"]
[BlackElo "2412"]
[EventDate "2010.05.22"]

1. d4 d5 2. c4 dxc4 3. Nc3 a6 4. e3 Nf6 5. Bxc4 e6 6. Nf3 c5 7. O-O b5 8.
Bd3 Bb7 9. Qe2 Nbd7 10. Rd1 Qb8 11. e4 cxd4 12. Nxd4 Bd6 13. g3 O-O 14. a3
Rc8 15. Bg5 h6 16. Be3 Ne5 17. Rac1 Nfg4 18. Nb3 Nxe3 19. Qxe3 b4 20. axb4
Bxb4 21. Be2 Nc4 22. Bxc4 Rxc4 23. Rd4 Rxd4 24. Qxd4 a5 25. Nc5 Bc6 26. Qc4
Qc8 27. Na2 Bxc5 28. Qxc5 Ra6 29. b4 Qd7 30. bxa5 Bxe4 31. Qc8+ Qxc8 32.
Rxc8+ Kh7 33. Nc3 Bf3 34. Rc5 Rd6 35. Kf1 Rd2 36. Ke1 Rc2 37. Rc7 f5 38. a6
Kg6 39. a7 Kh5 40. Nd5 Re2+ 41. Kf1 Ra2 42. Nf4+ Kg5 43. Rxg7+ Kf6 44. Rg6+
Kf7 45. Rxe6 Ra1+ 46. Re1 Rxa7 47. h4 Ra6 48. Nd3 Kf6 49. Ne5 Ba8 50. Nd7+
Kf7 51. Nc5 Ra2 52. Re5 Kf6 53. Re6+ Kg7 54. Ke1 Rc2 55. Re5 Kf6 56. Nd7+
Kg6 57. Ra5 Bb7 58. Rb5 Be4 59. f3 Bc6 60. Rb6 Kg7 61. Ne5 Bd5 62. Rg6+ Kh7
63. Rd6 Bb3 64. Rd2 Rc5 65. Rd7+ Kg8 66. Nd3 Rc3 67. Kd2 Rc2+ 68. Ke3 Bc4
69. Ne5 Bb5 70. Rb7 Ba6 71. Rb6 1-0

[Event "2nd SCS Open"]
[Site "Bhubaneswar IND"]
[Date "2010.05.30"]
[Round "11"]
[White "Rathnakaran,K"]
[Black "Singh,DP"]
[Result "1/2-1/2"]
[WhiteElo "2397"]
[BlackElo "2286"]
[EventDate "2010.05.22"]

1. e4 b6 2. d4 Bb7 3. Nf3 e6 4. Nc3 g6 5. Bg5 Qc8 6. Qd2 h6 7. Bh4 Bg7 8.
O-O-O d6 9. Kb1 Nd7 10. Bc4 g5 11. Bg3 Ne7 12. Bb3 a6 13. h4 g4 14. Nh2 h5
15. f3 gxf3 16. gxf3 Bh6 17. Bf4 Bxf4 18. Qxf4 Ng6 19. Qg3 Nf6 20. Nf1 Qd7
21. Ne3 1/2-1/2